Technology and standards for treatment of MR block rubber effluent (Record no. 70344)

MARC details
000 -LEADER
fixed length control field 00543nam a2200193Ia 4500
100 ## - MAIN ENTRY--AUTHOR NAME
Personal name Singh M M
245 #0 - TITLE STATEMENT
Title Technology and standards for treatment of MR block rubber effluent
260 ## - PUBLICATION, DISTRIBUTION, ETC. (IMPRINT)
Name of publisher Proceedings of the RRIM Planters Conference, Kuala Lumpur, 1977; p201-214
650 ## - SUBJECT ADDED ENTRY--TOPICAL TERM
Topical Term Rubber effluent
700 ## - ADDED ENTRY--PERSONAL NAME
Personal name Abdul Karim M Z
700 ## - ADDED ENTRY--PERSONAL NAME
Personal name Bakti N A K
700 ## - ADDED ENTRY--PERSONAL NAME
Personal name Chang W P
700 ## - ADDED ENTRY--PERSONAL NAME
Personal name Chin P S
700 ## - ADDED ENTRY--PERSONAL NAME
Personal name John C K
700 ## - ADDED ENTRY--PERSONAL NAME
Personal name Sethu S
700 ## - ADDED ENTRY--PERSONAL NAME
Personal name Yong W M
942 ## - ADDED ENTRY ELEMENTS (KOHA)
Koha item type Journals
Holdings
Withdrawn status Lost status Damaged status Not for loan Home library Current library Shelving location Date acquired Koha item type
      Journals RRII Library RRII Library Rubber chemistry 17/12/2021 Journals